• 首页
  • 本馆介绍
  • 公告通知
  • 最新文献
  • 馆藏检索
  • 电子资源
  • 读者导购
  • 参考咨询
  • 我的图书馆
  • 登录
  • 详细信息显示
  • 放入我的书架
  • 预约/预借图书
  • 作者相关作品
  • 分类相关作品
  • 丛书相关作品
  • 出版社相关作品

书目信息

  • 表格格式
  • 工作单格式
  • 卡片格式
题名:
中华人民共和国合同法释义
    
 
作者: 胡康生 主编
分册:  
出版信息: 北京   法律出版社  2013
页数: 21,667页
开本: 21cm
丛书名: 中华人民共和国法律释义丛书
单 册:
中图分类: D923.65
科图分类:
主题词: 合同法--法律解释--中国
电子资源:
ISBN: 978-7-5118-4307-4
000 00910oam2 2200265 450-
001 0102806197
005 20130419084458.0
010    @a978-7-5118-4307-4@dCNY48.00
100    @a20130325d2013 em y0chiy0120 ea
101 0  @achi
102    @aCN@b110000
105    @ay z 000yy
106    @ar
200 1  @a中华人民共和国合同法释义@9Zhong Hua Ren Min Gong He;Huo;Hu Guo He;Ge Tong Fa Shi Yi @f胡康生主编@b专著
205    @a3版
210    @a北京@c法律出版社@d2013
215    @a21,667页@d21cm
225 2  @a中华人民共和国法律释义丛书@v1
330    @a本书分为释义和附录两部分,涵盖一般规定、合同的订立、合同的效力、合同的履行、合同的变更和转让、合同的权利义务终止、违约责任等内容。
461  0 @1001012001024234
606 0  @a合同法@x法律解释@y中国
690    @aD923.65@v5
701  0 @a胡康生@f(1944~)@4主编@9hu kang sheng
801  0 @aCN@bAZmarc@c20230905
905    @aBZT@dD923.65@e8=3@f1@sD923.65/8=3
    
    中华人民共和国合同法释义/胡康生主编.-3版.-北京:法律出版社,2013
    21,667页;21cm.-(中华人民共和国法律释义丛书;1)
    
    
    ISBN 978-7-5118-4307-4:CNY48.00
    本书分为释义和附录两部分,涵盖一般规定、合同的订立、合同的效力、合同的履行、合同的变更和转让、合同的权利义务终止、违约责任等内容。
●
相关链接 在五车中查询图书 在当当中查询图书 在豆瓣中查询图书


正题名:中华人民共和国合同法释义     索取号:D923.65/8=3         预约/预借

序号 登录号 条形码 馆藏地/架位号 状态 备注
1 2000155865   2000155865   旧书回溯/ [索取号:D923.65/8=3] 在馆    
山东省滨州职业学院图书馆 欢迎您!
大连网信软件有限公司© 版权所有